000
00242nam a2200097Ia 4500
008
220204s9999 xx 000 0 und d
082
_a
058.7
_b
INT
245
0
_a
International foundation directory
260
_a
London
_b
Europa
_c
1974
942
_c
BK
999
_c
23156
_d
23156